Score 0/5 Timer 00:30
0 Plays Today
% Correct
Nationals
82.7%
Mets
81.2%
Braves
79.9%
Marlins
78.2%
Phillies
75.1%

Today's Daily Dose

Missing Word
'D' in Video Games

Word Ladder
Lent Begins

Get the Picture
Antz or A Bug's Life?

You're not logged in!

Compare scores with friends on all Sporcle quizzes.
OR
Log In

Sporcle TV

Today on Sporcle TV


Watch our educational content, quiz creation guides, and fun videos on Sporcle TV.

Show Comments

Extras

Top Quizzes Today


Score Distribution

Paid Content

Your Account Isn't Verified!

In order to create a playlist on Sporcle, you need to verify the email address you used during registration. Go to your Sporcle Settings to finish the process.

Report this User

Report this user for behavior that violates our Community Guidelines.

Details: